انسانی تہزیب کا ارتقاء/ (Record no. 92391)
[ view plain ]
| 000 -LEADER | |
|---|---|
| fixed length control field | 00474nam a22001697a 4500 |
| 005 - DATE AND TIME OF LATEST TRANSACTION | |
| control field | 20170407104242.0 |
| 008 - FIXED-LENGTH DATA ELEMENTS--GENERAL INFORMATION | |
| fixed length control field | 170407b xxu||||| |||| 00| 0 eng d |
| 040 ## - CATALOGING SOURCE | |
| Transcribing agency | PK-LaUMT |
| 082 ## - DEWEY DECIMAL CLASSIFICATION NUMBER | |
| Classification number | 306 |
| Item number | WIL-I |
| 100 ## - MAIN ENTRY--PERSONAL NAME | |
| Personal name | ول ڈیورانٹ |
| 245 ## - TITLE STATEMENT | |
| Title | انسانی تہزیب کا ارتقاء/ |
| Statement of responsibility, etc | ول ڈیورانٹ |
| 260 ## - PUBLICATION, DISTRIBUTION, ETC. (IMPRINT) | |
| Place of publication, distribution, etc | لاہور: |
| Name of publisher, distributor, etc | فکشن ھاوس، |
| Date of publication, distribution, etc | 2012 |
| 300 ## - PHYSICAL DESCRIPTION | |
| Extent | 171 ص |
| 546 ## - LANGUAGE NOTE | |
| Language note | اردو |
| 700 ## - ADDED ENTRY--PERSONAL NAME | |
| Personal name | تنویر جہاں(مترجم |
| 942 ## - ADDED ENTRY ELEMENTS (KOHA) | |
| Koha item type | Books |
| Withdrawn status | Lost status | Damaged status | Home library | Current library | Date acquired | Full call number | Barcode | Date last seen | Price effective from | Koha item type |
|---|---|---|---|---|---|---|---|---|---|---|
| UMT Main Campus | UMT Main Campus | 2017-04-07 | 306 WIL-I | 107130 | 2023-11-27 | 2017-04-07 | Books |
